[Event "ProMoPro2004"]
[Site "Praha"]
[Date "2004.09.15"]
[Round "5.6"]
[White "Vedral, Oldrich"]
[Black "Kastner, Kamil"]
[Result "1-0"]
[WhiteElo "2280"]
[BlackElo "2080"]
[PlyCount "75"]
[EventDate "2004.09.11"]

1. d4 e6 2. c4 d5 3. Nc3 Nf6 4. Bg5 Be7 5. Nf3 O-O 6. e3 b6 7. cxd5 exd5 8. Qc2
Bb7 9. Bd3 h6 10. Bh4 Nbd7 11. O-O c6 12. Rad1 Rc8 13. Rfe1 Re8 14. Bf5 Ra8 15.
h3 Nh5 16. Bxe7 Rxe7 17. b4 a6 18. a4 Nhf6 19. Nd2 a5 20. bxa5 Rxa5 21. Nb3 Ra8
22. Ra1 c5 23. Red1 Qc7 24. dxc5 bxc5 25. Bxd7 Nxd7 26. Nxd5 Bxd5 27. Rxd5 Qc6
28. Qc4 Nb6 29. Rxc5 Qf6 30. Qc2 Rea7 31. a5 Nd7 32. Rc8+ Rxc8 33. Qxc8+ Nf8
34. Rd1 g6 35. Rd8 Qe7 36. Qb8 Rd7 37. Rxd7 Qxd7 38. a6 {cerny se vzdal} 1-0

[Event "ProMoPro2004"]
[Site "Praha"]
[Date "2004.09.15"]
[Round "5.9"]
[White "Sodoma, Jan"]
[Black "Mejzlik, Vojtech"]
[Result "0-1"]
[WhiteElo "2203"]
[BlackElo "2097"]
[PlyCount "72"]
[EventDate "2004.09.11"]

1. e4 c5 2. Nf3 Nc6 3. Bb5 g6 4. d4 cxd4 5. Nxd4 Bg7 6. Be3 Nf6 7. Nc3 O-O 8.
O-O a6 9. Bxc6 dxc6 10. f3 Qc7 11. Nb3 Rd8 12. Qe2 b6 13. a4 a5 14. Qf2 Nd7 15.
Nd4 Rb8 16. Rfd1 Ba6 17. Rd2 e6 18. Rad1 b5 19. Bg5 b4 20. Bxd8 Rxd8 21. Nce2
Nb6 22. b3 e5 23. Nxc6 Rxd2 24. Rxd2 Qxc6 25. Rd8+ Bf8 26. Ng3 f6 27. h4 Kg7
28. Qd2 Bc5+ 29. Kh2 Be7 30. Rb8 Bc8 31. h5 Qc7 32. h6+ Kf7 33. Rxb6 Qxb6 34.
Qd5+ Be6 35. Qa8 Qd8 36. Qa7 36... Qd2 {bily se vzdal} 0-1

[Event "ProMoPro2004"]
[Site "Praha"]
[Date "2004.09.15"]
[Round "5.1"]
[White "Virostko, Petr"]
[Black "Hausner, Ivan"]
[Result "1/2-1/2"]
[WhiteElo "2290"]
[BlackElo "2419"]
[PlyCount "97"]
[EventDate "2004.09.11"]

1. e4 c5 2. Nf3 d6 3. d4 cxd4 4. Nxd4 Nf6 5. Nc3 a6 6. Bc4 e6 7. a4 Nc6 8. Be3
Be7 9. O-O O-O 10. Ba2 Bd7 11. f4 Nxd4 12. Bxd4 Bc6 13. Qd3 b5 14. e5 dxe5 15.
fxe5 Nd7 16. axb5 axb5 17. Ne4 Ra4 18. b4 Bxe4 19. Qxe4 Bxb4 20. Qe3 Be7 21.
Kh1 Bg5 22. Qd3 g6 23. Bb3 Rxa1 24. Bxa1 b4 25. Qb5 Qe7 26. Rd1 Rd8 27. Rd6 Be3
28. Qxb4 Nc5 29. Bd4 Bxd4 30. Qxd4 Rc8 31. h3 Qg5 32. Bc4 Kg7 33. Kh2 h5 34. h4
Qf5 35. Bd3 Nxd3 36. cxd3 Rc2 37. Qe3 Qf1 38. Qg5 Rf2 39. Rd4 Rf5 40. Qe3 Rf2
41. Qg5 Qe2 42. Qg3 Rf1 43. Re4 Qd1 44. Qe3 Qb1 45. d4 Rh1+ 46. Kg3 Rd1 47. Kh2
Rh1+ 48. Kg3 Rd1 49. Kh2 {remis} 1/2-1/2

[Event "ProMoPro2004"]
[Site "Praha"]
[Date "2004.09.15"]
[Round "5.14"]
[White "Novotny, Vladimir"]
[Black "Novak, Vaclav"]
[Result "0-1"]
[WhiteElo "1906"]
[BlackElo "2109"]
[PlyCount "88"]
[EventDate "2004.09.11"]

1. e4 g6 2. Nf3 Bg7 3. Nc3 d6 4. b3 c5 5. Bb2 Nf6 6. d4 cxd4 7. Nxd4 O-O 8. Be2
Nc6 9. f4 Bd7 10. O-O Rc8 11. Nf3 Qb6+ 12. Kh1 Ng4 13. Qe1 Nb4 14. Nd5 Nxd5 15.
Bxg7 Kxg7 16. exd5 Ne3 17. c4 Nxf1 18. Qc3+ f6 19. Rxf1 Qc5 20. Ng5 a5 21. h4
b5 22. h5 bxc4 23. Bxc4 Rfe8 24. f5 gxf5 25. Ne6+ Bxe6 26. h6+ Kh8 27. dxe6 Rg8
28. Qh3 Rg5 29. Rf3 Rcg8 30. Bf1 Qc1 31. Kh2 Qc5 32. Kh1 Qe5 33. Re3 Qf4 34.
Rf3 Qg4 35. Qxg4 fxg4 36. Rc3 Re5 37. Rc7 Rxe6 38. Kh2 g3+ 39. Kg1 Re1 40. Ra7
Re5 41. Bc4 Rc8 42. Kf1 d5 43. Rxa5 dxc4 44. Ra4 44... cxb3 {bily se vzdal} 0-1

[Event "ProMoPro2004"]
[Site "Praha"]
[Date "2004.09.15"]
[Round "5.3"]
[White "Matras, Ondrej"]
[Black "Stehno, Pavel"]
[Result "1/2-1/2"]
[WhiteElo "2230"]
[BlackElo "2344"]
[PlyCount "50"]
[EventDate "2004.09.11"]

1. d4 Nf6 2. c4 e5 3. dxe5 Ne4 4. Nf3 Bc5 5. e3 Nc6 6. Nbd2 Ng5 7. a3 a5 8. b3
d6 9. Nxg5 Qxg5 10. Nf3 Qe7 11. exd6 Bxd6 12. Bb2 O-O 13. Bd3 Bg4 14. h3 Bxf3
15. Qxf3 a4 16. bxa4 Ne5 17. Qe4 Nxd3+ 18. Qxd3 Rxa4 19. Qc3 Qg5 20. O-O Re8
21. Qb3 Ra6 22. Bd4 b6 23. Rfd1 h5 24. a4 Ra5 25. Qd3 25... Qh4 {remis} 1/2-1/2

[Event "ProMoPro2004"]
[Site "Praha"]
[Date "2004.09.16"]
[Round "6.11"]
[White "Krischke, Arnold"]
[Black "Forman, Miroslav"]
[Result "1/2-1/2"]
[WhiteElo "2133"]
[BlackElo "2023"]
[PlyCount "27"]
[EventDate "2004.09.11"]

1. c4 g6 2. Nc3 Bg7 3. g3 e5 4. Bg2 Ne7 5. Nf3 O-O 6. O-O Nbc6 7. d3 d6 8. Rb1
h6 9. b4 f5 10. Bd2 Qe8 11. b5 Nd8 12. Qc1 Kh7 13. Nd5 Ne6 14. e3 1/2-1/2

[Event "ProMoPro2004"]
[Site "Praha"]
[Date "2004.09.16"]
[Round "6.28"]
[White "Neumanova, Monika"]
[Black "Hampel, Rudolf"]
[Result "1-0"]
[WhiteElo "1672"]
[BlackElo "1785"]
[PlyCount "43"]
[EventDate "2004.09.11"]

1. d4 Nf6 2. c4 g6 3. Nc3 d5 4. cxd5 Nxd5 5. e4 Nxc3 6. bxc3 Bg7 7. Nf3 O-O 8.
Rb1 c5 9. Be2 cxd4 10. cxd4 Nc6 11. d5 Ne5 12. O-O Nxf3+ 13. Bxf3 b6 14. Re1
Bb7 15. Ba3 Re8 16. Qb3 Qd7 17. Be2 Qd8 18. Bb5 Rf8 19. Qb4 f5 20. exf5 Rxf5
21. Rxe7 Bxd5 22. Re8+ 1-0

[Event "ProMoPro2004"]
[Site "Praha"]
[Date "2004.09.16"]
[Round "6.16"]
[White "Kamenik, Robert"]
[Black "Rakous, Pavel"]
[Result "0-1"]
[WhiteElo "2027"]
[BlackElo "1800"]
[PlyCount "54"]
[EventDate "2004.09.11"]

1. e4 c5 2. Nf3 a6 3. d4 cxd4 4. Nxd4 Nf6 5. Nc3 e5 6. Nb3 Bb4 7. Bd3 d5 8.
exd5 Nxd5 9. Bd2 Nxc3 10. bxc3 Be7 11. O-O O-O 12. f4 Nc6 13. fxe5 g6 14. Qe2
Bg5 15. Rad1 Re8 16. Bc4 Be6 17. Bxe6 Rxe6 18. Bxg5 Qxg5 19. Qf3 Nxe5 20. Qxb7
Rae8 21. Nd4 Qe3+ 22. Kh1 R6e7 23. Qxa6 Ng4 24. h3 Nf2+ 25. Rxf2 Qxf2 26. Rf1
Re1 27. Rxe1 Rxe1+ 0-1

[Event "ProMoPro2004"]
[Site "Praha"]
[Date "2004.09.16"]
[Round "6.1"]
[White "Hausner, Ivan"]
[Black "Cernousek, Lukas"]
[Result "1-0"]
[WhiteElo "2419"]
[BlackElo "2378"]
[PlyCount "43"]
[EventDate "2004.09.11"]

1. e4 c5 2. Nf3 d6 3. Bc4 Nf6 4. Qe2 Nc6 5. c3 Bg4 6. h3 Bxf3 7. Qxf3 g6 8. O-O
Bg7 9. d3 O-O 10. Qe2 d5 11. Bb3 c4 12. dxc4 dxe4 13. Nd2 Qd3 14. Re1 Rac8 15.
Nxe4 Qxe2 16. Rxe2 Na5 17. c5 Nxe4 18. Rxe4 Rxc5 19. Rxe7 Rd8 20. Be3 Rb5 21.
Bxf7+ Kf8 22. Rc7 1-0

[Event "ProMoPro2004"]
[Site "Praha"]
[Date "2004.09.16"]
[Round "6.21"]
[White "Nosek, Filip"]
[Black "Slovak, Pavel"]
[Result "0-1"]
[WhiteElo "1927"]
[BlackElo "2103"]
[PlyCount "42"]
[EventDate "2004.09.11"]

1. e4 c5 2. c4 d6 3. f4 Nc6 4. Nf3 e5 5. d3 Nd4 6. Nc3 a6 7. Nd5 Nf6 8. Be2
Nxd5 9. cxd5 g6 10. Nxd4 exd4 11. O-O Bg7 12. Bg4 O-O 13. Bxc8 Rxc8 14. f5 b5
15. a4 c4 16. axb5 axb5 17. fxg6 fxg6 18. Bf4 c3 19. Qc2 Qb6 20. b3 Ra8 21. h3
Rxa1 0-1

[Event "ProMoPro2004"]
[Site "Praha"]
[Date "2004.09.16"]
[Round "6.23"]
[White "Krivanek, Vladimir"]
[Black "Novak, Jindrich"]
[Result "0-1"]
[WhiteElo "1853"]
[BlackElo "2059"]
[PlyCount "64"]
[EventDate "2004.09.11"]

1. e4 b6 2. d4 Bb7 3. f3 e6 4. Be3 Nf6 5. Bd3 c5 6. c3 d5 7. e5 Nfd7 8. Nh3 Be7
9. f4 g6 10. O-O Nc6 11. Nd2 Qc7 12. Ng5 cxd4 13. cxd4 Nb4 14. Rc1 Qd8 15. Bb1
Ba6 16. Rf2 Nd3 17. Bxd3 Bxd3 18. Rc3 Ba6 19. Qf3 O-O 20. Qh3 Bxg5 21. fxg5
Nxe5 22. Rf4 Nc4 23. Rh4 Nxe3 24. Qxe3 Rc8 25. Rh3 Qd6 26. Qf2 Rxc3 27. bxc3
Qa3 28. Qh4 Qc1+ 29. Kf2 Qxd2+ 30. Kg1 Qd1+ 31. Kf2 Qe2+ 32. Kg3 Qe3+ 0-1

[Event "ProMoPro2004"]
[Site "Praha"]
[Date "2004.09.16"]
[Round "6.9"]
[White "Tejkal, Jiri"]
[Black "Benes, Petr"]
[Result "0-1"]
[WhiteElo "2048"]
[BlackElo "2140"]
[PlyCount "50"]
[EventDate "2004.09.11"]

1. d4 d6 2. Nf3 Bg4 3. c4 c6 4. Nc3 Nd7 5. e4 e5 6. Be2 Ngf6 7. h3 Bh5 8. Be3
Be7 9. Qd2 O-O 10. g4 Bg6 11. Bd3 Re8 12. d5 cxd5 13. cxd5 b5 14. Qc2 b4 15.
Ne2 Rc8 16. Qb1 Nc5 17. Ng3 Bf8 18. Nd2 Qc7 19. f3 Nxd5 20. Bxc5 Qxc5 21. Ngf1
Nf4 22. Bc4 d5 23. Bb3 Qb5 24. Ng3 Bc5 25. Bc2 Ng2+ 0-1

[Event "ProMoPro2004"]
[Site "Praha"]
[Date "2004.09.16"]
[Round "6.26"]
[White "Benes, Pavel"]
[Black "Slechta, Karel"]
[Result "1/2-1/2"]
[WhiteElo "1852"]
[BlackElo "1957"]
[PlyCount "36"]
[EventDate "2004.09.11"]

1. e4 c5 2. c3 d5 3. exd5 Qxd5 4. d4 e5 5. Nf3 exd4 6. Bb5+ Bd7 7. Bxd7+ Nxd7
8. O-O O-O-O 9. Qa4 Kb8 10. Bf4+ Bd6 11. c4 Nb6 12. Qa5 Qxc4 13. Na3 Qb4 14.
Bxd6+ Rxd6 15. Qxb4 cxb4 16. Nb5 Rd5 17. Nbxd4 Nf6 18. Rfe1 Rhd8 1/2-1/2

[Event "ProMoPro2004"]
[Site "Praha"]
[Date "2004.09.16"]
[Round "6.22"]
[White "Jansa, Vaclav"]
[Black "Novotny, Vladimir"]
[Result "1-0"]
[WhiteElo "2076"]
[BlackElo "1906"]
[PlyCount "67"]
[EventDate "2004.09.11"]

1. e4 c5 2. Nf3 d6 3. d4 cxd4 4. Nxd4 a6 5. Nc3 e6 6. Be2 Be7 7. a4 Nc6 8. Be3
Nf6 9. O-O O-O 10. f4 Re8 11. Kh1 Rb8 12. Bf3 Bf8 13. Nb3 b6 14. e5 Nd5 15.
Nxd5 exd5 16. Bxd5 Nb4 17. Bf3 Bf5 18. Nd4 Bg6 19. f5 dxe5 20. fxg6 exd4 21.
gxf7+ Kh8 22. fxe8=Q Qxe8 23. Bxd4 Rd8 24. c3 Bc5 25. Bh5 Qd7 26. Bxc5 Nd3 27.
Bxb6 Rg8 28. Bd4 Nxb2 29. Qe2 Nxa4 30. Rf7 Qd5 31. Rxa4 Qb3 32. Rb4 Qd5 33.
Rxg7 Qxd4 34. Rxg8+ 1-0

[Event "ProMoPro2004"]
[Site "Praha"]
[Date "2004.09.16"]
[Round "6.4"]
[White "Stehno, Pavel"]
[Black "Vedral, Oldrich"]
[Result "1-0"]
[WhiteElo "2344"]
[BlackElo "2280"]
[PlyCount "65"]
[EventDate "2004.09.11"]

1. e4 c5 2. Nf3 Nc6 3. d4 cxd4 4. Nxd4 Nf6 5. Nc3 e5 6. Ndb5 d6 7. Bg5 a6 8.
Na3 b5 9. Nd5 Be7 10. Bxf6 Bxf6 11. c3 Bg5 12. Nc2 Rb8 13. a4 bxa4 14. Ncb4 Bd7
15. Bxa6 Nxb4 16. Nxb4 Qa5 17. Qxd6 Rb6 18. Qd3 Rxb4 19. cxb4 Qxb4+ 20. Kf1 Bc6
21. h4 Bh6 22. Bc4 O-O 23. Rh3 Kh8 24. g4 Bf4 25. Rd1 h5 26. g5 f5 27. exf5 e4
28. Qe2 g6 29. fxg6 Kg7 30. Kg1 Kxg6 31. Bd5 Bxd5 32. Rxd5 Bc7 33. Rc3 1-0

[Event "ProMoPro2004"]
[Site "Praha"]
[Date "2004.09.16"]
[Round "6.15"]
[White "Hoskovec, Josef"]
[Black "Sodoma, Jan"]
[Result "0-1"]
[WhiteElo "1864"]
[BlackElo "2203"]
[PlyCount "50"]
[EventDate "2004.09.11"]

1. e4 e5 2. Nf3 Nc6 3. Nc3 Nf6 4. d4 exd4 5. Nxd4 Bb4 6. Nxc6 bxc6 7. Bd3 d5 8.
exd5 cxd5 9. O-O O-O 10. Bg5 Be6 11. Qf3 Be7 12. Rae1 Qd7 13. Re5 h6 14. Bh4
Rae8 15. h3 Ng4 16. Rxe6 Qxe6 17. Bxe7 Ne5 18. Qf5 Qxf5 19. Bxf5 Rxe7 20. Nxd5
Ree8 21. Nxc7 Rb8 22. Re1 Nc6 23. b3 Rfd8 24. Na6 Rb6 25. Nc5 Rb5 0-1

[Event "ProMoPro2004"]
[Site "Praha"]
[Date "2004.09.16"]
[Round "6.6"]
[White "Mejzlik, Vojtech"]
[Black "Srba, Milan"]
[Result "0-1"]
[WhiteElo "2097"]
[BlackElo "2137"]
[PlyCount "56"]
[EventDate "2004.09.11"]

1. c4 c5 2. Nc3 Nf6 3. e4 Nc6 4. d3 e6 5. Bg5 Be7 6. f4 h6 7. Bxf6 Bxf6 8. Nf3
Bxc3+ 9. bxc3 d5 10. cxd5 exd5 11. Be2 O-O 12. O-O Re8 13. Qc2 c4 14. exd5 Qxd5
15. d4 Bf5 16. Qd2 Re7 17. Ne5 Nxe5 18. fxe5 Be4 19. Rf2 b5 20. Qf4 a5 21. Re1
Rd8 22. Bh5 Bd3 23. Re3 f5 24. exf6 Rxe3 25. f7+ Kf8 26. Qxe3 Qxh5 27. h3 Qg5
28. Qe6 Qe7 0-1

[Event "ProMoPro2004"]
[Site "Praha"]
[Date "2004.09.16"]
[Round "6.18"]
[White "Stepanek , Svatopluk"]
[Black "Stodolova , Kristyna"]
[Result "1-0"]
[WhiteElo "1767"]
[BlackElo "1996"]
[PlyCount "49"]
[EventDate "2004.09.11"]

1. d4 Nf6 2. c4 g6 3. Nc3 Bg7 4. e4 d6 5. Nf3 O-O 6. Bg5 h6 7. Bf4 Nh5 8. Be3
c6 9. Qd2 Kh7 10. Rd1 Qa5 11. Be2 e5 12. O-O Nd7 13. Nh4 exd4 14. Bxd4 Bxd4 15.
Qxd4 Nf4 16. Qxd6 Nxe2+ 17. Nxe2 Qxa2 18. Qd4 c5 19. Qc3 Nb6 20. Qf6 Qxc4 21.
Nxg6 Rg8 22. Ne7 Rxg2+ 23. Kxg2 Qxe4+ 24. Kg1 Qxe2 25. Qxf7+ {cerny vzdal} 1-0

[Event "ProMoPro2004"]
[Site "Praha"]
[Date "2004.09.16"]
[Round "6.32"]
[White "Horak, Karel"]
[Black "Janota, Jiri"]
[Result "1-0"]
[WhiteElo "1671"]
[BlackElo "1559"]
[PlyCount "49"]
[EventDate "2004.09.11"]

1. d4 d5 2. c4 Nc6 3. Nf3 Bg4 4. Nc3 dxc4 5. e3 e6 6. Bxc4 Bb4 7. O-O Nf6 8.
Be2 O-O 9. Qc2 Qe7 10. a3 Bxc3 11. Qxc3 Rfd8 12. b4 Qd6 13. Bb2 Ne7 14. Rfd1 c6
15. Qc2 Qd5 16. Ne5 Bxe2 17. Qxe2 Qe4 18. f3 Qh4 19. Rac1 Rac8 20. Rc4 Ned5 21.
Rdc1 Qh6 22. f4 Nb6 23. R4c2 Rd5 24. b5 Rxb5 25. Qxb5 1-0

[Event "ProMoPro2004"]
[Site "Praha"]
[Date "2004.09.16"]
[Round "6.14"]
[White "Svoboda, Vaclav"]
[Black "Szirmai, Emil"]
[Result "1/2-1/2"]
[WhiteElo "2042"]
[BlackElo "2084"]
[PlyCount "41"]
[EventDate "2004.09.11"]

1. e4 c5 2. c3 d5 3. exd5 Qxd5 4. d4 e5 5. Be3 cxd4 6. cxd4 Nc6 7. Nc3 Bb4 8.
Nge2 exd4 9. Nxd4 a6 10. Qa4 Qa5 11. O-O-O Nge7 12. Nxc6 Nxc6 13. Qxa5 Bxa5 14.
Bc5 Bxc3 15. bxc3 Be6 16. Kb2 Rd8 17. Be2 f6 18. Bb6 Rxd1 19. Rxd1 Kf7 20. Rd6
Ne7 21. Rd2 1/2-1/2

[Event "ProMoPro2004"]
[Site "Praha"]
[Date "2004.09.16"]
[Round "6.12"]
[White "Listopad, Martin"]
[Black "Simecek, Bohumil"]
[Result "0-1"]
[WhiteElo "1882"]
[BlackElo "2113"]
[PlyCount "84"]
[EventDate "2004.09.11"]

1. e4 d5 2. exd5 Nf6 3. d4 Nxd5 4. c4 Nb6 5. Nc3 e5 6. d5 Bb4 7. Qh5 O-O 8. Bd3
g6 9. Qh6 e4 10. Be2 c6 11. h4 Bxc3+ 12. bxc3 Qf6 13. Bd2 cxd5 14. h5 Nxc4 15.
Bxc4 dxc4 16. Nh3 Qg7 17. Qf4 Bxh3 18. Rxh3 Nc6 19. O-O-O Ne5 20. Kc2 Nd3 21.
Qh4 Rfd8 22. Rb1 b6 23. Bg5 Rd5 24. Bf6 Qh6 25. Re3 Qxh5 26. Qxe4 Rf8 27. Rh3
Qf5 28. Qxf5 Rxf5 29. Bd4 f6 30. g4 Rf4 31. Rbh1 Nxf2 32. Rxh7 Nxh1 33. Rxh1
Rxg4 34. Rh6 Kg7 35. Rh1 Re8 36. Rd1 Re2+ 37. Kc1 Rgg2 38. Rf1 Re6 39. Kb1 Kf7
40. Rh1 g5 41. Rh7+ Kg6 42. Rxa7 Re1# 0-1

[Event "ProMoPro2004"]
[Site "Praha"]
[Date "2004.09.16"]
[Round "6.31"]
[White "Nemec, Vaclav"]
[Black "Istel, Oldrich"]
[Result "1-0"]
[WhiteElo "1594"]
[BlackElo "1668"]
[PlyCount "107"]
[EventDate "2004.09.11"]

1. e4 Nc6 2. d4 d5 3. e5 Bf5 4. Nf3 e6 5. Bd3 Bg6 6. c3 Nge7 7. Nh4 f6 8. Nxg6
hxg6 9. exf6 gxf6 10. Qg4 f5 11. Qg5 Bg7 12. Bb5 Qd7 13. f4 Rh5 14. Qg3 O-O-O
15. Nd2 Bf6 16. Nf3 Rg8 17. Bd2 a6 18. Ba4 Qd6 19. O-O-O b5 20. Bc2 Na5 21. b4
Nc4 22. Bb3 a5 23. Bxc4 bxc4 24. a3 Qc6 25. Kb2 Kb7 26. Ra1 Qa4 27. Rhb1 Rb8
28. Kc1 Ka6 29. Ng5 Qd7 30. h3 Nc8 31. Nf3 Rh6 32. Ne5 Qe8 33. a4 Nd6 34. b5+
Kb6 35. Nc6 Ra8 36. Qe1 Ne4 37. Kc2 Bg7 38. Bc1 Bf8 39. Ba3 g5 40. fxg5 Rh5 41.
Bxf8 Qxf8 42. Ne5 Qe8 43. g6 f4 44. Nxc4+ dxc4 45. Qxe4 e5 46. Re1 Rg5 47. dxe5
Rxg6 48. Qd4+ Kb7 49. Qe4+ Kb6 50. e6 Rd8 51. Qxc4 Rxg2+ 52. Kb3 Qg6 53. Qc6+
Ka7 54. Qxc7+ 1-0

[Event "ProMoPro2004"]
[Site "Praha"]
[Date "2004.09.16"]
[Round "6.3"]
[White "Vavra, Pavel"]
[Black "Matras, Ondrej"]
[Result "0-1"]
[WhiteElo "2393"]
[BlackElo "2230"]
[PlyCount "92"]
[EventDate "2004.09.11"]

1. e4 e6 2. Nf3 d5 3. e5 c5 4. b4 cxb4 5. a3 Nc6 6. d4 Qa5 7. Bd3 b3+ 8. c3 Qb6
9. Bb2 Na5 10. Nbd2 Bd7 11. a4 Rc8 12. Qe2 Ne7 13. O-O Ng6 14. g3 Be7 15. h4
Bc6 16. Ng5 Qd8 17. f4 Nf8 18. Qh5 g6 19. Qh6 Rg8 20. Ba3 Bxa3 21. Rxa3 Qe7 22.
Raa1 Bd7 23. Nde4 dxe4 24. Nxe4 Rxc3 25. Nxc3 Qb4 26. Ne4 Qxd4+ 27. Kh2 Qxd3
28. Nf6+ Kd8 29. Nxg8 Qc2+ 30. Kh3 Qf5+ 31. Kh2 Qc2+ 32. Kg1 Qc5+ 33. Rf2 b2
34. Rd1 Kc7 35. f5 Bxa4 36. Re1 Bc2 37. Qd2 b1=Q 38. Rxb1 Bxb1 39. fxg6 Nxg6
40. Nf6 Nxe5 41. Kh2 Nac4 42. Qf4 Qe3 43. Rf1 Bf5 44. Nd5+ exd5 45. Qxf5 Qe4
46. Qh5 Ne3 0-1

[Event "ProMoPro2004"]
[Site "Praha"]
[Date "2004.09.16"]
[Round "6.25"]
[White "Voglova, Eva"]
[Black "Koncel, Jan"]
[Result "1-0"]
[WhiteElo "1988"]
[BlackElo "1441"]
[PlyCount "63"]
[EventDate "2004.09.11"]

1. d4 d5 2. c4 e6 3. Nc3 Nf6 4. Bg5 Be7 5. Nf3 h6 6. Bh4 O-O 7. e3 c6 8. cxd5
exd5 9. Qc2 Nbd7 10. Bd3 Re8 11. O-O Nf8 12. Ne5 Ng4 13. Bg3 Bd6 14. Nxg4 Bxg4
15. Ne2 g5 16. Bf5 Bh5 17. Rfe1 Qf6 18. Bxd6 Qxd6 19. Ng3 Bg6 20. Rac1 h5 21.
Bxg6 fxg6 22. Qb3 Re7 23. e4 Rae8 24. e5 Qe6 25. Qc3 Qg4 26. Ne2 Ne6 27. f3 Qf5
28. b4 a6 29. a4 h4 30. Rf1 g4 31. fxg4 Qxg4 32. Nf4 1-0

[Event "ProMoPro2004"]
[Site "Praha"]
[Date "2004.09.16"]
[Round "6.24"]
[White "Marsalek, Lubos"]
[Black "Hlavicka, Jan"]
[Result "0-1"]
[WhiteElo "2009"]
[BlackElo "1864"]
[PlyCount "84"]
[EventDate "2004.09.11"]

1. b3 d5 2. Bb2 c5 3. e3 Nc6 4. Bb5 Bd7 5. Ne2 a6 6. Bxc6 Bxc6 7. O-O e6 8. f4
Nf6 9. Ng3 d4 10. Qe2 d3 11. cxd3 Bb5 12. Qf3 Bxd3 13. Re1 Be7 14. Nc3 O-O 15.
Nd1 Qd7 16. e4 Bb5 17. Bc3 Bc6 18. Nf2 b5 19. Ng4 Nxg4 20. Qxg4 f6 21. Nh5 Rf7
22. Rad1 Rd8 23. Re3 c4 24. Rg3 b4 25. Bxf6 Bxf6 26. e5 Be7 27. bxc4 Ba4 28.
Rf1 Bc2 29. d3 Bxd3 30. Rd1 Qa7+ 31. Kh1 Bf5 32. Qe2 Rxd1+ 33. Qxd1 Bh4 34. Rb3
Rd7 35. Qe2 Qd4 36. h3 a5 37. Ng3 Bxg3 38. Rxg3 Qxf4 39. Rf3 Qd4 40. Rf2 Qd1+
41. Qxd1 Rxd1+ 42. Kh2 Rd4 0-1

[Event "ProMoPro2004"]
[Site "Praha"]
[Date "2004.09.16"]
[Round "6.19"]
[White "Novotny, Michal"]
[Black "Bohac, Jaroslav"]
[Result "1-0"]
[WhiteElo "2197"]
[BlackElo "1943"]
[PlyCount "83"]
[EventDate "2004.09.11"]

1. e4 c5 2. Nf3 g6 3. d4 cxd4 4. Nxd4 Bg7 5. Bc4 Nc6 6. Nb3 Nf6 7. Nc3 O-O 8.
Bg5 d6 9. Qd2 Bd7 10. Bh6 a6 11. Bxg7 Kxg7 12. O-O-O b5 13. Bd5 Rb8 14. Qe2 Ne5
15. f4 Bg4 16. fxe5 Bxe2 17. exf6+ Kxf6 18. Nxe2 Kg7 19. Nbd4 Qb6 20. Rd2 Rbc8
21. Rf1 e5 22. Nf3 f6 23. Rd3 b4 24. g4 Qc5 25. Ne1 a5 26. h4 a4 27. h5 a3 28.
b3 f5 29. gxf5 g5 30. Bc4 Qc6 31. Bd5 Qc5 32. Bc4 Qc6 33. Ng3 h6 34. Ng2 Rf6
35. Ne3 Qc5 36. Nd5 Rcf8 37. Kd2 Kh8 38. Ke2 Kg7 39. Nh1 R6f7 40. Nf2 Rc8 41.
Ng4 Qa5 42. Nge3 1-0

[Event "ProMoPro2004"]
[Site "Praha"]
[Date "2004.09.16"]
[Round "6.27"]
[White "Cebis, Petr"]
[Black "Zatko, Michal"]
[Result "1-0"]
[WhiteElo "1852"]
[BlackElo "1768"]
[PlyCount "81"]
[EventDate "2004.09.11"]

1. e4 e6 2. d4 d5 3. Nd2 dxe4 4. Nxe4 Nf6 5. Nxf6+ Qxf6 6. Nf3 Bd7 7. Bg5 Qf5
8. Bd3 Qa5+ 9. Bd2 Bb4 10. c3 Be7 11. Ne5 Bc6 12. Nc4 Qd5 13. Ne3 Qd8 14. b4 b6
15. O-O Nd7 16. Nc4 Bd5 17. f4 g6 18. Qe2 Bxc4 19. Bxc4 c6 20. Rae1 Nf6 21.
Bxe6 fxe6 22. Qxe6 Rf8 23. Qxc6+ Kf7 24. Qe6+ Ke8 25. Re5 Qd7 26. Qc4 Rf7 27.
f5 Rc8 28. Qe2 Ng8 29. fxg6 hxg6 30. Qe4 Qc6 31. d5 Rxf1+ 32. Kxf1 Qc4+ 33.
Qxc4 Rxc4 34. d6 Kf7 35. dxe7 Nxe7 36. a4 Kf6 37. Rb5 Nf5 38. a5 Nd6 39. axb6
axb6 40. Rxb6 Ke5 41. Ke2 1-0

[Event "ProMoPro2004"]
[Site "Praha"]
[Date "2004.09.16"]
[Round "6.20"]
[White "Petrak, Robert"]
[Black "Horinek, Karel"]
[Result "0-1"]
[WhiteElo "2143"]
[BlackElo "1941"]
[PlyCount "94"]
[EventDate "2004.09.11"]

1. e3 e5 2. Ne2 d5 3. d4 exd4 4. Nxd4 Nf6 5. c4 Bb4+ 6. Nc3 O-O 7. Qb3 c5 8.
Nc2 Ba5 9. cxd5 Nxd5 10. Bc4 Nb6 11. Be2 Nc6 12. O-O Be6 13. Qb5 Qe7 14. Ne4
Bf5 15. b4 Nxb4 16. Nxb4 Bxb4 17. Ng3 Bd7 18. Qd3 c4 19. Qc2 Ba4 20. Qf5 g6 21.
Qg4 Bc3 22. Rb1 Bc2 23. Rb5 Rac8 24. e4 Bg7 25. Be3 Rc6 26. Ra5 Nc8 27. Rc1 Qc7
28. Rd5 Bd3 29. Bxd3 cxd3 30. Rxc6 Qxc6 31. Rxd3 Qc4 32. Rb3 b6 33. Qd7 h5 34.
h4 Bf6 35. Nxh5 gxh5 36. Bh6 Ne7 37. Rg3+ Ng6 38. Qd6 Bg7 39. Bxg7 Kxg7 40.
Qe5+ Kg8 41. Qxh5 Qc1+ 42. Kh2 Kg7 43. Qf5 Qh6 44. h5 Rh8 45. Rg5 Kf8 46. Kg3
Ne7 47. Qf4 Qxg5+ 0-1

[Event "ProMoPro2004"]
[Site "Praha"]
[Date "2004.09.16"]
[Round "6.25"]
[White "Voglova, Eva"]
[Black "Koncel, Jan"]
[Result "1-0"]
[WhiteElo "1988"]
[BlackElo "1441"]
[PlyCount "95"]
[EventDate "2004.09.11"]

1. d4 d5 2. c4 e6 3. Nc3 Nf6 4. Bg5 Be7 5. Nf3 h6 6. Bh4 O-O 7. e3 c6 8. cxd5
exd5 9. Qc2 Nbd7 10. Bd3 Re8 11. O-O Nf8 12. Ne5 Ng4 13. Bg3 Bd6 14. Nxg4 Bxg4
15. Ne2 g5 16. Bf5 Bh5 17. Rfe1 Qf6 18. Bxd6 Qxd6 19. Ng3 Bg6 20. Rac1 h5 21.
Bxg6 fxg6 22. Qb3 Re7 23. e4 Rae8 24. e5 Qe6 25. Qe3 Qg4 26. Ne2 Ne6 27. f3 Qf5
28. b4 a6 29. a4 h4 30. Rf1 g4 31. fxg4 Qxg4 32. Nf4 Rh7 33. Nxe6 Qxe6 34. Qg5
Rh5 35. Qf6 h3 36. Qxe6+ Rxe6 37. g3 Rh7 38. Rf4 Rf7 39. Rcf1 Rxf4 40. Rxf4 g5
41. Rf5 Rg6 42. Kf2 g4 43. Ke3 Kg7 44. Kf4 Kh6 45. a5 Rg7 46. Rf6+ Kh5 47. e6
Re7 48. Kf5 1-0

[Event "ProMoPro2004"]
[Site "Praha"]
[Date "2004.09.16"]
[Round "6.29"]
[White "Ryslink, Daniel"]
[Black "Cozl, Miroslav"]
[Result "1-0"]
[WhiteElo "1764"]
[BlackElo "1524"]
[PlyCount "121"]
[EventDate "2004.09.11"]

1. e4 e5 2. Nc3 Nc6 3. g3 Bc5 4. Bg2 Nf6 5. Nge2 d6 6. Na4 Bd7 7. Nxc5 dxc5 8.
O-O Rb8 9. d3 Qc8 10. Re1 h6 11. Nc3 Nd4 12. Nd5 Qd8 13. h3 Be6 14. Ne3 O-O 15.
Kh2 Nh7 16. c3 Nc6 17. Nf5 Bxf5 18. exf5 Qf6 19. f4 exf4 20. Bxf4 g5 21. fxg6
Qxg6 22. Be4 f5 23. Bd5+ Kg7 24. Bxc6 Qxc6 25. Re7+ Rf7 26. Rxf7+ Kxf7 27. Qh5+
Qg6 28. Qxg6+ Kxg6 29. Re1 Nf8 30. Kg2 Rd8 31. Re3 c6 32. Kf3 h5 33. Ke2 b6 34.
Re7 Rd7 35. Re8 Kf7 36. Rc8 Re7+ 37. Kd2 Rd7 38. Rxc6 Ne6 39. Be3 Ke7 40. b4
cxb4 41. cxb4 Rb7 42. b5 Kd7 43. a4 Rc7 44. Rxc7+ Kxc7 45. Kc3 Kb7 46. Kc4 a6
47. Kd5 Nc7+ 48. Ke5 axb5 49. axb5 Nxb5 50. Kxf5 Nc7 51. g4 hxg4 52. hxg4 b5
53. g5 b4 54. Bd4 Nd5 55. g6 Ne7+ 56. Kf6 Nxg6 57. Kxg6 Kc6 58. Kf5 Kb5 59. Bf6
Ka4 60. d4 Kb5 61. Ke6 1-0

[Event "ProMoPro2004"]
[Site "Praha"]
[Date "2004.09.17"]
[Round "7.10"]
[White "Prachar, Josef"]
[Black "Krischke, Arnold"]
[Result "1/2-1/2"]
[WhiteElo "2008"]
[BlackElo "2133"]
[PlyCount "25"]
[EventDate "2004.09.11"]

1. d4 d5 2. c4 e6 3. Nc3 Nf6 4. cxd5 exd5 5. Bg5 Nbd7 6. e3 c6 7. Bd3 Be7 8.
Qc2 O-O 9. Nf3 Re8 10. O-O h6 11. Bf4 Nh5 12. Nxd5 Nxf4 13. Nxf4 1/2-1/2